[Event "EU-chT Railways USIC"]
[Site "Dresden"]
[Date "2000.06.23"]
[Round "6.6"]
[White "Driver, Antony"]
[Black "Egger, Andreas"]
[Result "0-1"]
[WhiteElo "1500"]
[BlackElo "2029"]
[PlyCount "80"]
[EventDate "2000.06.19"]
[EventType "team-swiss"]
[EventRounds "7"]
[EventCountry "GER"]
[SourceTitle "EXT 2002"]
[Source "ChessBase"]
[SourceDate "2001.11.25"]
[SourceVersion "1"]
[SourceVersionDate "2001.11.25"]
[SourceQuality "1"]
[WhiteTeam "England (USIC)"]
[BlackTeam "Austria (USIC)"]
[WhiteTeamCountry "ENG"]
[BlackTeamCountry "AUT"]

1. d4 g6 2. c4 Bg7 3. Nf3 d6 4. Nc3 Bg4 5. h3 Bxf3 6. exf3 Nc6 7. Be3 Nf6 8. Be2 e5 9. d5 Ne7 10. Qc2 c6 11. Rd1 0-0 12. 0-0 Qc7 13. Rd2 Ne8 14. Rfd1 c5 15. a4 Nf5 16. Bd3 Nd4 17. Bxd4 cxd4 18. Ne2 Bh6 19. g4 Bxd2 20. Rxd2 Qd7 21. f4 f5 22. f3 Ng7 23. fxe5 dxe5 24. Ng3 Kh8 25. Rg2 a6 26. b3 Rac8 27. Qd2 b5 28. axb5 axb5 29. Qg5 Ra8 30. h4 Ra7 31. h5 bxc4 32. bxc4 Ra3 33. Rd2 gxh5 34. Nxh5 Nxh5 35. Qxh5 Ra1+ 36. Kh2 e4 37. fxe4 Qd6+ 38. Kg2 Qf4 39. Rf2 Qe3 40. Rxf5 Ra2+ 0-1